000
00273nam a2200109Ia 4500
001
588854
005
20250717120838.0
008
250717s9999 xx 000 0 und d
245
0
_a
Y-6 MUHTEŞEM GEZEGEN DÜNYA
_c
YUSUF ASAL
260
_b
ERDEM YAYINLARI
_c
2020
300
_b
151
999
_c
588854
_d
588854